000 00690nam a2200193 a 4500
001 000041100
005 20201002034623.0
008 130917s1997 sp a 001 0 spa d
020 _a8400070887
040 _aDO-SdBNP
_bspa
_cBNPHU
100 1 _aQuilis,Antonio
_928481
245 1 0 _aCurso de fonética y fonología españolas /
_cAntonio Quilis, Joseph A. Fernández.
260 _aMadrid :
_bConsejo Superior de Investigaciones Científicas,
_c1997.
300 _a221 p. :
_bil. ;
_c28 cm.
490 1 _aTextos Universitarios
_v4
700 1 _aFernández, Joseph A.
_967629
710 2 _aConsejo Superior de Investigaciones Científicas,
_94786
830 0 _aTextos Universitarios
_n4
_967630
999 _c40590
_d40590